000
00316nam a2200121Ia 4500
003
GCL
008
140319s9999 xx 000 0 ara d
040
_a
GCL /
_c
GCL
082
0
4
_a
953.8
_b
غ ا
245
1
0
_a
ازمة الخليج محاولة للفهم
260
_a
[S.N] :
_b
دار الساقى ،
_c
1992
490
_a
999
_c
53465
_d
53465